| 000 | 01031nam a22003017a 4500 | ||
|---|---|---|---|
| 001 | BR0806869 | ||
| 003 | BR-BrBNA | ||
| 005 | 20230928102751.0 | ||
| 007 | ta | ||
| 008 | 230509b bl.||||| |||| 00| 0 por d | ||
| 040 |
_aBR-BrBNA _bpor _cBiblioteca Nacional de Agricultura |
||
| 041 | _a(Por) | ||
| 072 | _aE14; E16 | ||
| 090 | _ E14 BR0806869 | ||
| 110 | 1 |
_aMinistério do Planejamento, Orçamento e Gestão, Brasília, DF (Brasil). Secretaria de Planejamento e Investimentos Estratégicos _97596 |
|
| 245 | 1 | _aPlano plurianual 2004-2007; relatório anual de avaliação; Ministério da Agricultura, Pecuária e Abastecimento; exercício 2007 ano base 2006 | |
| 260 | 3 |
_aBrasília, DF (Brasil): _c2007. |
|
| 300 | _a139 p. | ||
| 650 | _aPLANEJAMENTO GOVERNAMENTAL | ||
| 650 | _aORÇAMENTO | ||
| 650 | _aADMINISTRAÇÃO PÚBLICA | ||
| 650 | _aINDÚSTRIA AGRÍCOLA | ||
| 650 | _aAGRICULTURA | ||
| 650 | _aPECUÁRIA | ||
| 650 | _aESTATÍSTICA DE PRODUÇÃO | ||
| 909 |
_a202309 _bLucia _c55 _dLucia Elande |
||
| 942 | _cBK | ||
| 999 |
_c72373 _d72373 |
||